[Event "25. Open Internacional de Andorra"]
[Site "Andorra AND"]
[Date "2007.07.07"]
[Round "8.15"]
[White "Mellado Trivino, Juan"]
[Black "Huerga Leache, Mikel"]
[Result "1-0"]
[WhiteElo "2394"]
[BlackElo "2344"]
[PlyCount "51"]
[EventDate "2007.06.30"]
[EventType "swiss"]
[EventRounds "9"]
[EventCountry "AND"]
[Source "lmi"]
[SourceDate "2007.06.30"]

1. e4 e6 2. d4 d5 3. Bd3 c5 4. exd5 Qxd5 5. Nc3 Qd8 6. dxc5 Bxc5 7. Ne4 Be7 8.
Qg4 g6 9. Qg3 Nc6 10. Bd2 Nf6 11. O-O-O O-O 12. h4 Qd5 13. Nc3 Qe5 14. f4 Qa5
15. Nf3 Nb4 16. Ne5 Nfd5 17. Bc4 Nxc3 18. Bxc3 Nxa2+ 19. Bxa2 Qxa2 20. h5 g5
21. fxg5 Qa1+ 22. Kd2 Rd8+ 23. Nd3 Bd6 24. Qf3 Qa4 25. Qf6 Bf4+ 26. Ke2 1-0

[Event "25. Open Internacional de Andorra"]
[Site "Andorra AND"]
[Date "2007.07.07"]
[Round "8.16"]
[White "Panelo Muñoz, Marcelo"]
[Black "Severri Arrese, Carlos"]
[Result "1-0"]
[WhiteElo "2392"]
[BlackElo "2084"]
[PlyCount "91"]
[EventDate "2007.06.30"]
[EventType "swiss"]
[EventRounds "9"]
[EventCountry "AND"]
[Source "lmi"]
[SourceDate "2007.06.30"]

1. d4 d6 2. e4 g6 3. Nf3 c6 4. a4 Bg7 5. Nc3 Bg4 6. Bc4 e6 7. Be3 d5 8. Be2 Ne7
9. Qd2 O-O 10. h3 Bxf3 11. Bxf3 a5 12. O-O Na6 13. exd5 exd5 14. Ne2 Qb6 15. c3
Rfe8 16. g4 Rad8 17. Rfe1 Nc8 18. Bg5 f6 19. Bf4 Nd6 20. Qc2 Nf7 21. h4 Rd7 22.
Ng3 Rde7 23. Rxe7 Rxe7 24. h5 Nh8 25. hxg6 hxg6 26. Kg2 Qd8 27. Rh1 Qe8 28. Qb3
Qd8 29. Be2 Nf7 30. Bd3 g5 31. Bd2 Nd6 32. Qd1 Qb6 33. Bc1 Nc7 34. Qf3 Nce8 35.
Bh7+ Kf8 36. Bxg5 Qxb2 37. Bg6 Nf7 38. Bc1 Qa2 39. Nf5 Re4 40. Nxg7 Nxg7 41.
Bxe4 dxe4 42. Qxf6 Kg8 43. Bh6 Nxh6 44. Rxh6 Qd5 45. c4 Qxc4 46. Qd8+ 1-0

[Event "25. Open Internacional de Andorra"]
[Site "Andorra AND"]
[Date "2007.07.07"]
[Round "8.17"]
[White "Fenollar Jorda, Manuel"]
[Black "Jakobsen, Ole"]
[Result "1/2-1/2"]
[WhiteElo "2287"]
[BlackElo "2379"]
[PlyCount "105"]
[EventDate "2007.06.30"]
[EventType "swiss"]
[EventRounds "9"]
[EventCountry "AND"]
[Source "lmi"]
[SourceDate "2007.06.30"]

1. d4 Nf6 2. Nf3 c5 3. c3 Qc7 4. e3 g6 5. Bd3 Bg7 6. O-O O-O 7. Nbd2 d6 8. Qe2
Nc6 9. e4 cxd4 10. Nxd4 Bd7 11. N2f3 a6 12. h3 e5 13. Nxc6 Bxc6 14. c4 b5 15.
cxb5 axb5 16. Bd2 Qb7 17. Rfe1 Rfe8 18. Rac1 Bd7 19. a3 d5 20. Bc3 dxe4 21.
Bxe4 Nxe4 22. Qxe4 Bc6 23. Qe2 f6 24. Bb4 Rac8 25. Qe3 Bd5 26. Rxc8 Rxc8 27.
Rc1 Rxc1+ 28. Qxc1 Qc6 29. Qxc6 Bxc6 30. Nd2 Kf7 31. f3 Ke6 32. Kf2 Kd5 33. Ke3
f5 34. Ke2 h5 35. Ke3 Bh6+ 36. Ke2 Bd7 37. Kd3 Bc6 38. Ke2 Bb7 39. Kd3 Ke6 40.
Ke2 Bc6 41. Kd3 g5 42. Ke2 g4 43. hxg4 hxg4 44. fxg4 Bxg2 45. gxf5+ Kxf5 46. b3
Bc6 47. Nf3 Bc1 48. a4 bxa4 49. bxa4 Bxa4 50. Nxe5 Kxe5 51. Kd3 Kd5 52. Bc3 Bf4
53. Bg7 1/2-1/2

[Event "25. Open Internacional de Andorra"]
[Site "Andorra AND"]
[Date "2007.07.07"]
[Round "8.18"]
[White "Shumiakina, Tatiana"]
[Black "Popilsky, Gil"]
[Result "1-0"]
[WhiteElo "2375"]
[BlackElo "2193"]
[PlyCount "91"]
[EventDate "2007.06.30"]
[EventType "swiss"]
[EventRounds "9"]
[EventCountry "AND"]
[Source "lmi"]
[SourceDate "2007.06.30"]

1. d4 Nf6 2. c4 c5 3. d5 e6 4. Nc3 exd5 5. cxd5 d6 6. Nf3 g6 7. e4 a6 8. a4 Bg4
9. Be2 Bxf3 10. Bxf3 Nbd7 11. O-O Bg7 12. Bf4 Qe7 13. a5 O-O 14. Re1 Ne8 15.
Qd2 Rb8 16. Be2 Nc7 17. Bg5 f6 18. Be3 b6 19. axb6 Rxb6 20. Bg4 Ne5 21. Na4
Rbb8 22. Be2 Qd7 23. Qa5 g5 24. Nb6 Qf7 25. b4 cxb4 26. Rab1 f5 27. exf5 Qxf5
28. Qxb4 Qg6 29. Qd2 g4 30. Rbc1 Nf3+ 31. Bxf3 gxf3 32. g3 Qf5 33. Rxc7 Qh3 34.
Rxg7+ Kh8 35. Rxh7+ Kxh7 36. Qd3+ Rf5 37. Qf1 Qxf1+ 38. Kxf1 Kg6 39. Bd4 Rf7
40. Re6+ Kf5 41. h3 Rh7 42. h4 Rc7 43. Ke1 a5 44. Kd2 a4 45. Rf6+ Kg4 46. Rf4+
1-0

[Event "25. Open Internacional de Andorra"]
[Site "Andorra AND"]
[Date "2007.07.08"]
[Round "9.2"]
[White "Damljanovic, Branko"]
[Black "Lopez Martinez, Josep Manuel"]
[Result "1-0"]
[WhiteElo "2585"]
[BlackElo "2563"]
[PlyCount "102"]
[EventDate "2007.06.30"]
[EventType "swiss"]
[EventRounds "9"]
[EventCountry "AND"]
[Source "lmi"]
[SourceDate "2007.06.30"]

1. c4 e5 2. g3 Nf6 3. Bg2 d5 4. cxd5 Nxd5 5. Nc3 Nb6 6. Nf3 Nc6 7. O-O Be7 8.
b3 f5 9. Bb2 Bf6 10. Rc1 O-O 11. Ne1 Kh8 12. Nd3 Nd4 13. f4 exf4 14. Nxf4 g6
15. e3 Nc6 16. d4 Re8 17. d5 Nb4 18. Qd2 Kg8 19. Nb5 Bxb2 20. Qxb2 c6 21. dxc6
bxc6 22. Nd4 Bd7 23. Qd2 N4d5 24. Nxd5 cxd5 25. a4 a5 26. Rfe1 Kg7 27. Rc5 Qg5
28. Nf3 Qf6 29. Rxa5 Rac8 30. Ra7 Re7 31. Qd4 Rc2 32. Qxf6+ Kxf6 33. Nd4 Rd2
34. Nf3 Rd3 35. Ra6 Re6 36. Bf1 Rc3 37. Nd4 Rd6 38. Bb5 Bc8 39. Ra7 Be6 40. a5
Nc8 41. Rxh7 Bf7 42. h4 Rd8 43. Bc6 Na7 44. Bb7 Re8 45. Kf2 Rd3 46. a6 Rd2+ 47.
Re2 Rd1 48. Rc2 Rd3 49. Re2 Rd1 50. b4 Rb1 51. b5 Rf8 1-0

[Event "25. Open Internacional de Andorra"]
[Site "Andorra AND"]
[Date "2007.07.08"]
[Round "9.4"]
[White "Timoshenko, Georgy"]
[Black "Del Rio Angelis, Salvador Gabriel"]
[Result "0-1"]
[WhiteElo "2566"]
[BlackElo "2505"]
[PlyCount "72"]
[EventDate "2007.06.30"]
[EventType "swiss"]
[EventRounds "9"]
[EventCountry "AND"]
[Source "lmi"]
[SourceDate "2007.06.30"]

1. e4 e6 2. d4 d5 3. Nc3 Nf6 4. e5 Nfd7 5. f4 c5 6. Nf3 Nc6 7. Be3 cxd4 8. Nxd4
Bc5 9. Qd2 O-O 10. O-O-O a6 11. Kb1 Qc7 12. h4 Nxd4 13. Bxd4 b5 14. h5 b4 15.
Na4 Bxd4 16. Qxd4 a5 17. Bb5 Rb8 18. c4 bxc3 19. Nxc3 f6 20. Nxd5 exd5 21.
Qxd5+ Kh8 22. h6 Nb6 23. Qe4 Bb7 24. Qe2 Nd5 25. hxg7+ Qxg7 26. Rh4 Qg6+ 27.
Ka1 Rbc8 28. Bd3 f5 29. g4 Nxf4 30. gxf5 Qg3 31. Rxf4 Qxf4 32. e6 Bf3 33. Qf1
Rfd8 34. e7 Rxd3 35. e8=R+ Rxe8 36. Rxd3 Qg3 0-1

[Event "25. Open Internacional de Andorra"]
[Site "Andorra AND"]
[Date "2007.07.08"]
[Round "9.6"]
[White "Damaso, Rui"]
[Black "Spraggett, Kevin"]
[Result "0-1"]
[WhiteElo "2438"]
[BlackElo "2611"]
[PlyCount "104"]
[EventDate "2007.06.30"]
[EventType "swiss"]
[EventRounds "9"]
[EventCountry "AND"]
[Source "lmi"]
[SourceDate "2007.06.30"]

1. g3 g6 2. Bg2 Bg7 3. c4 f5 4. d4 Nf6 5. Nf3 O-O 6. O-O d6 7. Nc3 c6 8. b3 Qa5
9. Bd2 Qc7 10. d5 Na6 11. Rc1 Nc5 12. b4 Nce4 13. Nxe4 Nxe4 14. Ng5 Nxd2 15.
Qxd2 c5 16. bxc5 Qxc5 17. e3 b6 18. Rc2 Bf6 19. Ne6 Bxe6 20. dxe6 Rac8 21. Rb1
Qa3 22. Rb3 Qa4 23. Qd3 Rc7 24. Bd5 Rfc8 25. h4 Kg7 26. h5 Rc5 27. Re2 b5 28.
Rxb5 Rxb5 29. cxb5 Rc3 30. Qd2 Qxb5 31. h6+ Kxh6 32. e4+ Kg7 33. Kg2 Rd3 34.
Qc2 fxe4 35. Bxe4 Rc3 36. Qd1 Qc4 37. Bf3 a5 38. Qd5 Qxd5 39. Bxd5 Rd3 40. Bf3
Bd4 41. Be4 Rd1 42. Bc2 Rc1 43. Bb3 Rc3 44. Re4 Bf6 45. Rc4 Rd3 46. Kf1 Rd2 47.
Ke1 Rb2 48. Rc2 Rb1+ 49. Ke2 h5 50. f4 Rg1 51. Kf3 Rd1 52. Ke4 a4 0-1

[Event "25. Open Internacional de Andorra"]
[Site "Andorra AND"]
[Date "2007.07.08"]
[Round "9.7"]
[White "Peralta, Fernando"]
[Black "Vila Gazquez, Javier"]
[Result "1/2-1/2"]
[WhiteElo "2563"]
[BlackElo "2415"]
[PlyCount "56"]
[EventDate "2007.06.30"]
[EventType "swiss"]
[EventRounds "9"]
[EventCountry "AND"]
[Source "lmi"]
[SourceDate "2007.06.30"]

1. d4 Nf6 2. c4 e6 3. Nc3 Bb4 4. e3 Nc6 5. Bd3 d5 6. Nf3 O-O 7. O-O a6 8. a3
dxc4 9. Bxh7+ Nxh7 10. axb4 Nxb4 11. Ne5 Qe7 12. Nxc4 Rd8 13. b3 b5 14. Na5 Qe8
15. Ba3 Nc6 16. Bc5 Nxa5 17. Rxa5 Bb7 18. Qg4 f5 19. Qg3 Rd7 20. f3 Nf6 21.
Raa1 Qh5 22. Rae1 Nd5 23. Nxd5 Bxd5 24. b4 Bc4 25. Rf2 a5 26. bxa5 Rxa5 27. e4
fxe4 28. fxe4 Rf7 1/2-1/2

[Event "25. Open Internacional de Andorra"]
[Site "Andorra AND"]
[Date "2007.07.08"]
[Round "9.8"]
[White "Flores, Diego"]
[Black "Arizmendi Martinez, Julen Luis"]
[Result "1-0"]
[WhiteElo "2543"]
[BlackElo "2525"]
[PlyCount "55"]
[EventDate "2007.06.30"]
[EventType "swiss"]
[EventRounds "9"]
[EventCountry "AND"]
[Source "lmi"]
[SourceDate "2007.06.30"]

1. c4 e5 2. Nc3 Nf6 3. Nf3 Nc6 4. e3 Bb4 5. Nd5 e4 6. Ng1 O-O 7. Qc2 Re8 8. Ne2
Be7 9. d3 Ne5 10. Ng3 c6 11. Nxf6+ Bxf6 12. Nxe4 d5 13. cxd5 cxd5 14. Nxf6+
Qxf6 15. d4 Nc6 16. Be2 Bf5 17. Qd1 Qg6 18. O-O Na5 19. Bh5 Qb6 20. a4 Rac8 21.
Ra3 Bc2 22. Qf3 g6 23. Bg4 Be4 24. Qd1 Bc2 25. Qe2 f5 26. Bf3 Bb3 27. Qb5 Bc4
28. Bxd5+ 1-0

[Event "25. Open Internacional de Andorra"]
[Site "Andorra AND"]
[Date "2007.07.08"]
[Round "9.11"]
[White "Kosten, Anthony C"]
[Black "Vassallo Barroche, Mauricio"]
[Result "1-0"]
[WhiteElo "2517"]
[BlackElo "2392"]
[PlyCount "73"]
[EventDate "2007.06.30"]
[EventType "swiss"]
[EventRounds "9"]
[EventCountry "AND"]
[Source "lmi"]
[SourceDate "2007.06.30"]

1. c4 g6 2. g3 Bg7 3. Bg2 Nf6 4. Nc3 O-O 5. d4 d6 6. h3 c6 7. e3 e5 8. Nge2 Re8
9. dxe5 dxe5 10. Qxd8 Rxd8 11. b3 Na6 12. Ba3 Bf8 13. Bxf8 Kxf8 14. g4 h6 15.
O-O Be6 16. f4 exf4 17. Nd4 Nc7 18. Rxf4 Nfe8 19. Raf1 Rd7 20. Ne4 Re7 21. Nc5
Bc8 22. Be4 g5 23. R4f3 Nd6 24. Bc2 Nce8 25. e4 Re5 26. b4 a5 27. Na4 axb4 28.
c5 Be6 29. cxd6 Bxa2 30. Nb6 Rd8 31. d7 Nd6 32. Rf6 Ke7 33. Rxh6 c5 34. Nf3 Re6
35. Rxe6+ fxe6 36. Ne5 Nb5 37. Nc8+ 1-0

[Event "25. Open Internacional de Andorra"]
[Site "Andorra AND"]
[Date "2007.07.08"]
[Round "9.12"]
[White "Berkovich, Mark A"]
[Black "Movsziszian, Karen"]
[Result "1-0"]
[WhiteElo "2387"]
[BlackElo "2497"]
[PlyCount "47"]
[EventDate "2007.06.30"]
[EventType "swiss"]
[EventRounds "9"]
[EventCountry "AND"]
[Source "lmi"]
[SourceDate "2007.06.30"]

1. Nf3 g6 2. g3 Bg7 3. Bg2 Nf6 4. O-O O-O 5. d4 d6 6. b3 c5 7. Bb2 Ne4 8. Qc1
Na6 9. dxc5 Naxc5 10. Bxg7 Kxg7 11. Nbd2 Nf6 12. Qb2 Bd7 13. Ng5 d5 14. Bxd5 h6
15. Nde4 Bb5 16. c4 hxg5 17. Nxc5 Qb6 18. Ne4 Bc6 19. Nxg5 Bxd5 20. cxd5 Rh8
21. Rad1 Rh5 22. h4 Rd8 23. e4 Kg8 24. d6 1-0

[Event "25. Open Internacional de Andorra"]
[Site "Andorra AND"]
[Date "2007.07.08"]
[Round "9.13"]
[White "Clement Gomez, Jose A"]
[Black "Edouard, Romain"]
[Result "1/2-1/2"]
[WhiteElo "2357"]
[BlackElo "2447"]
[PlyCount "84"]
[EventDate "2007.06.30"]
[EventType "swiss"]
[EventRounds "9"]
[EventCountry "AND"]
[Source "lmi"]
[SourceDate "2007.06.30"]

1. Nf3 c5 2. c4 Nc6 3. d4 cxd4 4. Nxd4 Nf6 5. Nc3 e6 6. a3 Be7 7. e4 Qc7 8. Be2
b6 9. Be3 Bb7 10. Rc1 Qb8 11. O-O O-O 12. f4 Rd8 13. Kh1 Nxd4 14. Qxd4 d5 15.
exd5 exd5 16. Qe5 Qxe5 17. fxe5 d4 18. exf6 Bxf6 19. Bxd4 Bxd4 20. Bf3 Bxf3 21.
Rxf3 Rac8 22. b3 f6 23. Rd3 Bc5 24. Rxd8+ Rxd8 25. b4 Bf8 26. Nb5 Rd7 27. g3 a6
28. Nc3 Kf7 29. Nd5 Rd6 30. Kg2 Rc6 31. Kf3 Ke6 32. Ke4 f5+ 33. Kd4 g6 34. Re1+
Kd7 35. Kd3 Rd6 36. Kd4 b5 37. Kd3 bxc4+ 38. Kxc4 Rc6+ 39. Kb3 Kd6 40. Nf4 Kd7
41. Nd5 Kd6 42. Nf4 Kd7 1/2-1/2

[Event "25. Open Internacional de Andorra"]
[Site "Andorra AND"]
[Date "2007.07.08"]
[Round "9.14"]
[White "Navarro Cia, Miguel"]
[Black "Fernandez Romero, Ernesto"]
[Result "1/2-1/2"]
[WhiteElo "2338"]
[BlackElo "2437"]
[PlyCount "30"]
[EventDate "2007.06.30"]
[EventType "swiss"]
[EventRounds "9"]
[EventCountry "AND"]
[Source "lmi"]
[SourceDate "2007.06.30"]

1. e4 c5 2. Nf3 Nc6 3. d4 cxd4 4. Nxd4 Nf6 5. Nc3 d6 6. Bg5 e6 7. Qd2 h6 8.
Bxf6 gxf6 9. Be2 h5 10. O-O a6 11. Kh1 Bd7 12. f4 Qb6 13. Nb3 O-O-O 14. a4 Kb8
15. a5 Qc7 1/2-1/2

[Event "25. Open Internacional de Andorra"]
[Site "Andorra AND"]
[Date "2007.07.08"]
[Round "9.16"]
[White "Vega Gutierrez, Sabrina Neide"]
[Black "Panelo Muñoz, Marcelo"]
[Result "1-0"]
[WhiteElo "2335"]
[BlackElo "2392"]
[PlyCount "97"]
[EventDate "2007.06.30"]
[EventType "swiss"]
[EventRounds "9"]
[EventCountry "AND"]
[Source "lmi"]
[SourceDate "2007.06.30"]

1. e4 c5 2. Nf3 d6 3. d4 cxd4 4. Nxd4 Nf6 5. Nc3 a6 6. Be2 e5 7. Nb3 Be7 8. O-O
O-O 9. a4 Be6 10. Bf3 Nbd7 11. Re1 Qc7 12. Nd2 Rab8 13. a5 b5 14. axb6 Qxb6 15.
Nf1 Rfc8 16. Ne3 Qb7 17. g4 Nb6 18. g5 Nfd7 19. Nf5 Nf8 20. Nxe7+ Qxe7 21. Rxa6
Ng6 22. Kh1 Nh4 23. Bg4 Qb7 24. Ra5 Nc4 25. Rb5 Qa7 26. Rf1 Rxb5 27. Nxb5 Qa6
28. Bxe6 fxe6 29. Qg4 Nf5 30. exf5 Qxb5 31. Rd1 exf5 32. Qxf5 Rf8 33. Qe6+ Kh8
34. b3 Qb7+ 35. Qd5 Qxd5+ 36. Rxd5 Rxf2 37. bxc4 Rf1+ 38. Kg2 Rxc1 39. Rxd6
Rxc2+ 40. Kf3 Kg8 41. Rc6 Rxh2 42. Rc7 Rh4 43. c5 Rc4 44. c6 h5 45. g6 Kf8 46.
Rf7+ Ke8 47. c7 h4 48. Rxg7 Kf8 49. Rd7 1-0

[Event "25. Open Internacional de Andorra"]
[Site "Andorra AND"]
[Date "2007.07.08"]
[Round "9.17"]
[White "Garcia Roman, Daniel"]
[Black "Vega Gutierrez, Belinda Vidina"]
[Result "1-0"]
[WhiteElo "2425"]
[BlackElo "2159"]
[PlyCount "81"]
[EventDate "2007.06.30"]
[EventType "swiss"]
[EventRounds "9"]
[EventCountry "AND"]
[Source "lmi"]
[SourceDate "2007.06.30"]

1. d4 d5 2. c4 e6 3. Nc3 Be7 4. Nf3 Nf6 5. Bg5 O-O 6. e3 h6 7. Bxf6 Bxf6 8. Qc2
b6 9. Be2 Bb7 10. cxd5 exd5 11. O-O Qe7 12. Rfd1 Rd8 13. Rab1 c5 14. a3 a6 15.
Qb3 c4 16. Qxb6 a5 17. Qc5 Qxc5 18. dxc5 Na6 19. Na4 Bc6 20. Nb6 Rab8 21. Nd4
Bb7 22. b4 cxb3 23. Nxb3 a4 24. Nxa4 Bc8 25. Nb6 Nc7 26. Nd4 Re8 27. Bf3 Na6
28. Nxd5 Rxb1 29. Nxf6+ gxf6 30. Rxb1 Nxc5 31. h3 Bd7 32. Rb6 Kg7 33. Bc6 Bxc6
34. Rxc6 Nd3 35. Rc3 Nb2 36. Rc2 Nd3 37. Rd2 Nc5 38. Kf1 Ra8 39. Ra2 Ne4 40.
Ra1 Rb8 41. a4 1-0

[Event "25. Open Internacional de Andorra"]
[Site "Andorra AND"]
[Date "2007.07.08"]
[Round "9.20"]
[White "Huerga Leache, Mikel"]
[Black "Morros Faura, Ricard"]
[Result "1-0"]
[WhiteElo "2344"]
[BlackElo "2129"]
[PlyCount "85"]
[EventDate "2007.06.30"]
[EventType "swiss"]
[EventRounds "9"]
[EventCountry "AND"]
[Source "lmi"]
[SourceDate "2007.06.30"]

1. e4 c5 2. Nf3 e6 3. d4 cxd4 4. Nxd4 a6 5. c4 Nf6 6. Nc3 Qc7 7. a3 b6 8. Be3
Bb7 9. f3 Nc6 10. b4 Ne5 11. Rc1 Rc8 12. Na4 d6 13. Be2 Be7 14. O-O O-O 15. Qd2
Rfd8 16. Rc2 Ned7 17. Kh1 Qb8 18. Rfc1 Bc6 19. Nb2 Qa8 20. Nb3 d5 21. exd5 exd5
22. c5 b5 23. Bd4 Qb8 24. Re1 Re8 25. Bd3 Nh5 26. Na5 g6 27. Rcc1 Nf4 28. Qc3
Ne6 29. Bh8 Bf8 30. Re2 Qf4 31. Rce1 g5 32. Bb1 g4 33. Qd3 Qh6 34. Nxc6 Kxh8
35. Qxd5 Nf6 36. Ne5 Nxd5 37. Nxf7+ Kg8 38. Nxh6+ Bxh6 39. Rxe6 Rxe6 40. Rxe6
Bc1 41. Nd3 Nc3 42. Bc2 Bxa3 43. Rxa6 1-0